000 01132cam a22003134a 4500
001 16764027
003 OSt
005 20180116192415.0
008 110505s2012 nyua b 001 0 eng
010 _a 2011019546
020 _a9780415893169 (hardback : alk. paper)
040 _aDLC
_cDLC
_dDLC
042 _apcc
050 0 0 _aNA9053.E58
_bI54 2012
082 0 0 _a711/.12
_223
245 0 0 _aInfrastructure sustainability and design /
_cSpiro Pollalis ... [et al.].
260 _aNew York, NY :
_bRoutledge,
_c2012.
300 _a350 p. :
_bill. ;
_c29 cm.
504 _aIncludes bibliographical references and index.
650 0 _aCity planning
_xEnvironmental aspects.
_96541
650 0 _aUrban ecology (Sociology)
_96542
650 0 _aSustainable development.
_96543
650 0 _aEcological engineering.
_96544
700 1 _aPollalis, Spiro N.,
_d1954-
_96545
906 _a7
_bcbc
_corignew
_d1
_eecip
_f20
_gy-gencatlg
942 _2ddc
_cBK
999 _c353701
_d353701